Every MW2 Spec Ops Mission - Statistics

General Stats
  • This quiz has been taken 9 times
  • The average score is 10 of 23
Answer Stats
Stage Level % Correct
Alpha The Pit
86%
Charlie Hidden
71%
Alpha Sniper Fi
71%
Bravo Big Brother
57%
Charlie Breach & Clear
57%
Delta Estate Takedown
57%
Charlie Snatch & Grab
57%
Alpha Suspension
57%
Delta Terminal
57%
Delta Wardriving
57%
Bravo Bomb Squad
43%
Alpha Evasion
43%
Echo High Explosive
43%
Charlie Homeland Security
43%
Echo Armor Piercing
29%
Alpha Cristo Redentor
29%
Bravo Overwatch
29%
Bravo Race
29%
Charlie Time Trial
29%
Echo Wetwork
29%
Delta Wreckage
29%
Bravo Body Count
14%
Delta Acceptable Losses
0%
No matching quizzes found
Score Distribution
Percent of People with Each Score
Percentile by Number Answered
Your Score History
You have not taken this quiz